000 00330nam a2200145Ia 4500
005 20251222144703.0
008 251222s9999||||xx |||||||||||||| ||spa||
020 _a84-7509-567-4
082 _a371.148/A64
100 _aApple, Michael W.
245 0 _aMaestros y Textos:
250 _a1989
264 _bPaidós
942 _cLIB
999 _c17542
_d17542